[Event "Leiden SB-ch"]
[Site "Leiden"]
[Date "2006.05.30"]
[Round "3"]
[White "Jap Tjoen San, Linda"]
[Black "Oei, Hway Ik"]
[Result "1-0"]
[WhiteElo "2163"]
[BlackElo "2095"]
[PlyCount "87"]
[EventDate "2006.05.16"]
[EventType "swiss"]
[EventRounds "7"]
[EventCountry "NED"]
[SourceTitle "EXT 2012"]
[Source "ChessBase"]
[SourceDate "2011.11.24"]
[SourceVersion "1"]
[SourceVersionDate "2011.11.24"]
[SourceQuality "1"]

1. e4 c5 2. Nf3 d6 3. d4 cxd4 4. Nxd4 Nf6 5. Nc3 a6 6. Be3 e6 7. f3 b5 8. Qd2 Nbd7 9. g4 h6 10. 0-0-0 Bb7 11. Kb1 b4 12. Na4 d5 13. exd5 Bxd5 14. Bg2 Rc8 15. h4 g6 16. Rhe1 Qa5 17. b3 Bg7 18. g5 hxg5 19. hxg5 Nh5 20. f4 0-0 21. Bxd5 Qxd5 22. Qxb4 Rfd8 23. Qd2 e5 24. Ne2 Qe6 25. Qd5 Qf5 26. Qd3 Qe6 27. Qe4 Qg4 28. c4 exf4 29. Nxf4 Re8 30. Qg2 Qf5+ 31. Qc2 Qe5 32. Bd4 Qxf4 33. Rxe8+ Rxe8 34. Bxg7 Nxg7 35. Rxd7 Re1+ 36. Rd1 Re5 37. c5 Re7 38. c6 Ne6 39. Nb6 Qxg5 40. Nd5 Re8 41. Qc3 Rc8 42. Rh1 Ng7 43. Nf6+ Kf8 44. Qb4+ 1-0

[Event "NED-ch (Women)"]
[Site "Hilversum"]
[Date "2006.??.??"]
[Round "5"]
[White "Jap Tjoen San, Linda"]
[Black "Lanchava, Tea"]
[Result "0-1"]
[WhiteElo "2192"]
[BlackElo "2381"]
[PlyCount "82"]
[EventDate "2006.06.17"]
[EventType "tourn"]
[EventRounds "9"]
[EventCountry "NED"]
[SourceTitle "EXT 2007"]
[Source "ChessBase"]
[SourceDate "2006.11.23"]
[SourceVersion "1"]
[SourceVersionDate "2006.11.23"]
[SourceQuality "1"]

1. e4 d6 2. d4 Nf6 3. Nc3 e5 4. dxe5 dxe5 5. Qxd8+ Kxd8 6. Bg5 c6 7. Bc4 Ke8 8. Bxf6 gxf6 9. Nf3 Nd7 10. Nh4 Bb4 11. 0-0-0 Nc5 12. Rhe1 Rg8 13. g3 Bxc3 14. bxc3 Be6 15. Bxe6 fxe6 16. Ng2 Ke7 17. f3 a5 18. Re3 b5 19. Ne1 Na4 20. Red3 Ra7 21. a3 Nb6 22. Kb2 Nc4+ 23. Ka2 f5 24. exf5 exf5 25. Ng2 f4 26. g4 h5 27. h3 hxg4 28. hxg4 Rh8 29. Re1 Kf6 30. a4 Rb7 31. Re4 Rh2 32. axb5 cxb5 33. Re2 Rbh7 34. Rd5 Ne3 35. Rdd2 Rxg2 36. Rxg2 Nxg2 37. Rxg2 Rh3 38. Rf2 e4 39. fxe4 Ke5 40. Rd2 f3 41. Rd8 Kxe4 0-1

[Event "NED-ch (Women)"]
[Site "Hilversum"]
[Date "2006.??.??"]
[Round "1"]
[White "Jap Tjoen San, Linda"]
[Black "Van Nies, Pauline"]
[Result "1/2-1/2"]
[WhiteElo "2192"]
[BlackElo "2107"]
[PlyCount "58"]
[EventDate "2006.06.17"]
[EventType "tourn"]
[EventRounds "9"]
[EventCountry "NED"]
[SourceTitle "EXT 2007"]
[Source "ChessBase"]
[SourceDate "2006.11.23"]
[SourceVersion "1"]
[SourceVersionDate "2006.11.23"]
[SourceQuality "1"]

1. e4 c5 2. Nf3 d6 3. d4 cxd4 4. Nxd4 Nf6 5. Nc3 Nc6 6. Bg5 e6 7. Qd2 a6 8. 0-0-0 Bd7 9. f4 h6 10. Bh4 g5 11. fxg5 Ng4 12. Nxc6 Bxc6 13. Be2 Ne5 14. Kb1 Be7 15. Qe3 hxg5 16. Bg3 Qa5 17. Rd4 b5 18. a3 Rc8 19. Rhd1 Qc7 20. Qf2 Rh6 21. Rf1 Rf6 22. Qe1 Rxf1 23. Qxf1 f6 24. Bh5+ Kd7 25. Bxe5 fxe5 26. Rd2 Qb7 27. Bg4 Bxe4 28. Qe2 Rc4 29. h3 Qc6 1/2-1/2

[Event "Dieren op"]
[Site "Dieren"]
[Date "2001.07.26"]
[Round "9"]
[White "Compagnie, Luc G"]
[Black "Jap Tjoen San, Linda"]
[Result "0-1"]
[WhiteElo "2268"]
[BlackElo "2187"]
[PlyCount "64"]
[EventDate "2001.07.17"]
[EventType "swiss"]
[EventRounds "9"]
[EventCountry "NED"]
[SourceTitle "CBM 083 Extra"]
[Source "ChessBase"]
[SourceDate "2001.09.11"]
[SourceVersion "1"]
[SourceVersionDate "2001.09.11"]
[SourceQuality "1"]

1. c4 Nf6 2. g3 d5 3. cxd5 Nxd5 4. Bg2 Nc6 5. Nc3 Nb6 6. d3 e5 7. Be3 Be7 8. Nf3 0-0 9. 0-0 Be6 10. Na4 e4 11. Ne1 exd3 12. Nxd3 Bd5 13. Bxd5 Nxd5 14. Bc5 Nf6 15. Nf4 b6 16. Qxd8 Rfxd8 17. Bxe7 Nxe7 18. Rfd1 c5 19. Nc3 Nc6 20. e3 Kf8 21. h3 g5 22. Nfd5 Nxd5 23. Nxd5 Rd6 24. Nc3 Rad8 25. Rxd6 Rxd6 26. Ne4 Rd5 27. Nf6 Rd2 28. Nxh7+ Kg7 29. Nxg5 Rxb2 30. h4 c4 31. Rc1 b5 32. a4 bxa4 0-1